Yedinci Gün (Record no. 4072)

000 -LEADER
fixed length control field 00504nam a22001817a 4500
008 - FIXED-LENGTH DATA ELEMENTS--GENERAL INFORMATION
fixed length control field 200302b ||||| |||| 00| | eng d
020 ## - INTERNATIONAL STANDARD BOOK NUMBER
International Standard Book Number 9789750510861
041 ## - LANGUAGE CODE
Language code of text/sound track or separate title Türkçe
050 ## - LIBRARY OF CONGRESS CALL NUMBER
Classification number PL248.A637
100 ## - MAIN ENTRY--PERSONAL NAME
9 (RLIN) 1180
Personal name Anar, İhsan Oktay
245 ## - TITLE STATEMENT
Title Yedinci Gün
250 ## - EDITION STATEMENT
Edition statement 2. Baskı
260 ## - PUBLICATION, DISTRIBUTION, ETC.
Place of publication, distribution, etc. İstanbul:
Name of publisher, distributor, etc. İletişim Yayınları,
Date of publication, distribution, etc. 2012
300 ## - PHYSICAL DESCRIPTION
Extent 240 Sayfa
500 ## - GENERAL NOTE
General note İletişim Yayınları: 1788; Çağdaş Türkçe Edebiyat: 249
650 #0 - SUBJECT ADDED ENTRY--TOPICAL TERM
9 (RLIN) 145
Topical term or geographic name entry element Türk Edebiyatı
942 ## - ADDED ENTRY ELEMENTS (KOHA)
Source of classification or shelving scheme
Koha item type Books
Holdings
Withdrawn status Lost status Source of classification or shelving scheme Damaged status Not for loan Permanent Location Current Location Shelving location Date acquired Full call number Barcode Date last seen Price effective from Koha item type
        Ödünç verilemez İmren Ahmet Tüzün Kütüphanesi İmren Ahmet Tüzün Kütüphanesi Ahmet Tüzün 2020-03-02 PL248.A637 100100004374 2020-03-02 2020-03-02 Books

This software was implemented, installed and managed by Devinim Software Training Consulting .